Novelizácia zákona o dani z príjmov z pohľadu zdaňovania príjmov zo závislej činnosti
Komentár k zákonu č. 659/2004 Z.z., ktorý bol schválený Národnou radou SR dňa 26.10.2004 a je účinný od 1.1.2005. Nové pojmy v zákone: účelové sporenie a doplnkové dôchodkové sporenie.Vypustenie štipendií doktorandov z príjmov od dane oslobodených. Otázka príspevku zamestnávateľa na stravovanie zame...
Salvato in:
| Autore principale: | |
|---|---|
| Natura: | Capitolo di libro |
| Lingua: | slovacco |
| Soggetti: | |
| Tags: |
Nessun Tag, puoi essere il primo ad aggiungerne!!
|
MARC
| LEADER | 00000naa$a2200000$$$4500 | ||
|---|---|---|---|
| 001 | 0024886 | ||
| 005 | 20231109090414.7 | ||
| 041 | 0 | |a slo | |
| 044 | |a SK | ||
| 245 | 1 | 0 | |a Novelizácia zákona o dani z príjmov z pohľadu zdaňovania príjmov zo závislej činnosti |c Dagmar Piršelová |
| 520 | |a Komentár k zákonu č. 659/2004 Z.z., ktorý bol schválený Národnou radou SR dňa 26.10.2004 a je účinný od 1.1.2005. Nové pojmy v zákone: účelové sporenie a doplnkové dôchodkové sporenie.Vypustenie štipendií doktorandov z príjmov od dane oslobodených. Otázka príspevku zamestnávateľa na stravovanie zamestnancov. Zmena v príjmoch od dane oslobodených. Daňové priznanie a uplatnenie daňového bonusu. Ďalšie zmeny v zdaňovaní príjmov zo závislej činnosti. | ||
| 610 | 2 | 0 | |a dane z príjmov |
| 610 | 2 | 0 | |a daňovníci |
| 610 | 2 | 0 | |a zamestnávatelia |
| 610 | 2 | 0 | |a zamestnanci |
| 610 | 2 | 0 | |a novelizácia |
| 610 | 2 | 0 | |a legislatíva |
| 610 | 2 | 0 | |a zrážky zo mzdy |
| 610 | 2 | 0 | |a poistenie dôchodkové doplnkové |
| 610 | 2 | 0 | |a úľavy daňové |
| 610 | 2 | 0 | |a Slovensko |
| 610 | 2 | 0 | |a 2004 |
| 610 | 2 | 0 | |a 2005 |
| 100 | 1 | |a Piršelová, Dagmar | |